000 01174cam a22001934a 4500
005 20250605164134.0
008 250528s ||||||||||||||||||||||||d
035 _a18665
020 _a304705101
040 _aGR-AtMCL
_bgre
_dGR-AtMCL
_eAACR2
245 1 _aDissertation Skills / For Business and Management Students
260 _bCassell,
_c2000
300 _a168
520 _aThis book can't guarantee that you'll write a brilliant dissertation, but it will help you feel calm and confident about what can seem like a daunting piece of work. Acknowledgements, Preface, What this book is about, Choosing and Developing a Subject to Investigate, What Research Is and Choosing an Appropriate Methodology, Techniques of Qualitative Research including case study and action research, Techniques of Quantitative Research including Sampling and Triangulation, Writing a Proposal, Using the Literature, Evaluating Research Results, Writing Up Your Dissertation, The Role of Supervisors and the Assessment of Dissertations, Specialist Subject Advice, Annotated Bibliography, Index.
700 1 _aWhite Brian
_94934
942 _cBK
999 _c4010
_d4010